000 00503nam a2200145Ia 4500
008 180921t1907 xxu||||| ||||o00| 0 eng d
041 _aeng
245 _aPapers Laid Before The Legislative Council of Ceylon During The Session of 1906-1907 : Cooly Immigration.Return To An order of The Legislative Council of Ceylon,Dated May 1,1907,For
260 _c1907
300 _ap.645, 33 cm
500 _aSessional Paper xlix-1907
942 _cBK
999 _c52002
_d52002
003 LK-CoDNM
040 _aLK-CoDNM
_dLK-CoDNM
_eLK-CoDNM